| 000 | 00436nam a22001697a 4500 | ||
|---|---|---|---|
| 003 | OSt | ||
| 008 | 200715b ||||| |||| 00| 0 eng d | ||
| 020 | _a9789386700377 | ||
| 082 | _a615.1901 KUP | ||
| 100 | _a Kumar, Puspendra | ||
| 245 | _aPractical Book Of Pharmaceutical Analysis | ||
| 250 | _a2019 | ||
| 260 |
_aNew Delhi _bNirali |
||
| 300 | _aPg-97 | ||
| 650 | _aPharmaceutical Analysis and Quality Assurance | ||
| 942 |
_2ddc _cBK |
||
| 999 |
_c9014 _d9014 |
||